[Event "FIDE World Cup 2017"]
[Site "Tbilisi"]
[Date "2017.09.05"]
[Round "1.4"]
[White "Fressinet, Laurent"]
[Black "Lenic, Luka"]
[Result "1/2-1/2"]
[WhiteElo "2657"]
[BlackElo "2646"]
[Annotator "TA"]
[PlyCount "72"]
[EventDate "2017.??.??"]
[EventType "k.o."]
[EventCountry "GEO"]
[SourceTitle "playchess.com"]
[Source "ChessBase"]
[SourceQuality "1"]

{[%evp 20,72,27,27,31,27,20,20,28,8,11,6,6,5,14,0,6,0,0,0,0,0,0,0,0,0,0,0,0,0,0,0,0,0,0,0,0,0,0,0,0,0,0,0,0,0,0,0,0,0,0,0,0,0,0]} 1. e4 c5 2. Nf3 {[%cal Bg1f3,Bf3d2,Bd2f1,Bf1e3,Be3d5][%mdl 32]} Nc6 3. Nc3 e5 4. Bc4 Be7 5. d3 d6 6. Nd2 Nf6 7. Nf1 Nd7 8. Ne3 Nb6 9. Ncd5 O-O 10. O-O Nxd5 11. Nxd5 Be6 {B30: Sicilian: 2...Nc6 3 Bb5, lines without ...g6} (11... Bg5 12. f4 exf4 13. Bxf4 Ne5 14. Bxe5 dxe5 15. Kh1 Kh8 16. Qe2 Qd6 17. Ne3 Bxe3 18. Qxe3 Be6 19. b3 {½-½ (41) Tiviakov,S (2674)-Neverov,V (2502) St Petersburg 2012}) 12. f4 exf4 13. Bxf4 Nb4 $146 ({Predecessor:} 13... Na5 14. Qd2 Nxc4 15. dxc4 Re8 16. Rad1 Bf8 17. b3 Qd7 18. h3 Qc6 19. Nc3 {0-1 (72) Polivanov,A (2431)-Voloshin,L (2449) Alushta 2011}) 14. Nxb4 cxb4 {The position is equal.} 15. Bxe6 fxe6 16. Qg4 Qd7 17. e5 d5 18. Bh6 {[%csl Gh6][%cal Rg4g7] [#]} Bc5+ 19. d4 Bb6 20. Bd2 a5 21. c3 bxc3 22. bxc3 Rxf1+ 23. Rxf1 Rf8 24. Rf6 (24. Rb1 $5 {[%cal Rb1b6]} Bd8 25. a4 $11) 24... Re8 25. h4 Bd8 26. Rf3 Rf8 27. Rxf8+ Kxf8 28. h5 Qf7 29. Bg5 Bxg5 30. Qxg5 $11 {[%mdl 4096] Endgame KQ-KQ} Ke8 31. h6 gxh6 32. Qxh6 Kd7 33. Qc1 Qh5 34. Qa3 Qd1+ 35. Kf2 {[#] Hoping for Qd6+.} Qd2+ 36. Kg3 {And now Qd6+ would win.} Qe3+ {Precision: White = 64%, Black = 82%.} 1/2-1/2

[Event "FIDE World Cup 2017"]
[Site "Tbilisi"]
[Date "2017.09.05"]
[Round "1.4"]
[White "Grachev, Boris"]
[Black "Melkumyan, Hrant"]
[Result "1-0"]
[WhiteElo "2654"]
[BlackElo "2642"]
[Annotator "TA"]
[PlyCount "61"]
[EventDate "2017.??.??"]
[EventType "k.o."]
[EventCountry "GEO"]
[SourceTitle "playchess.com"]
[Source "ChessBase"]
[SourceQuality "1"]

{[%evp 13,61,12,27,10,22,0,0,0,0,0,14,14,13,0,0,0,0,0,0,-13,0,-62,-67,-95,-88,-84,-41,-69,0,0,0,-63,-93,-205,-189,-202,-156,-223,350,351,343,313,5473,5473,5118,5110,29991,29992,29996,29997]} 1. d4 d5 2. c4 e6 3. Nc3 Nf6 4. cxd5 Nxd5 5. e4 Nxc3 6. bxc3 c5 7. Rb1 Be7 {LiveBook: 26 Games. D35: Queen's Gambit Declined: Exchange Variation} 8. Bc4 O-O 9. Ne2 Nc6 {The position is equal.} 10. O-O b6 11. Be3 Bb7 12. Nf4 Rc8 $146 ({Predecessor:} 12... cxd4 13. cxd4 Rc8 14. Nxe6 fxe6 15. Bxe6+ {1-0 (44) Shankland,S (2646)-Ganguly,S (2654) Edmonton 2016}) 13. Nxe6 fxe6 14. Bxe6+ Kh8 15. Bxc8 Qxc8 16. Qa4 Na5 $36 {[%mdl 2048] Black has some pressure.} 17. dxc5 ({White should play} 17. f3 $1 $11) 17... Bc6 $1 $15 {[%cal Rc6a4]} 18. Qd1 Bxe4 19. Rb4 Ba8 {[%mdl 1024] Black has strong compensation.} 20. Rg4 bxc5 ({Black should try} 20... Bxc5 $15 21. Bd4 Bxd4 22. Qxd4 Qc7) 21. Bg5 $11 Nc6 22. Qe2 ({Better is} 22. Re1 $1 $11 Qc7 23. Bxe7 Nxe7 24. Qe2) 22... Bd6 $1 $15 23. Rd1 (23. Re4 $17) 23... Ne5 $19 24. Rg3 Qc6 25. Bf4 (25. Be7 $17 Bxe7 26. Qxe5) 25... Qe8 $4 {[%mdl 8192] [#]} (25... Rxf4 $19 26. Qxe5 Rf6) 26. Rxd6 $18 Nf3+ 27. Kf1 Qa4 $2 (27... Nxh2+ 28. Ke1 Bxg2) 28. Bh6 gxh6 29. gxf3 {[#] Threatening mate with Qe5+.} Qf4 30. Qe7 {[%csl Gg3][%cal Re7g7]} Qc4+ 31. Kg1 {Precision: White = 45%, Black = 56%.} 1-0

[Event "FIDE World Cup 2017"]
[Site "Tbilisi"]
[Date "2017.09.05"]
[Round "1.4"]
[White "Areshchenko, Alexander"]
[Black "Demchenko, Anton"]
[Result "1-0"]
[WhiteElo "2645"]
[BlackElo "2650"]
[Annotator "TA"]
[PlyCount "159"]
[EventDate "2017.??.??"]
[EventType "k.o."]
[EventCountry "GEO"]
[SourceTitle "playchess.com"]
[Source "ChessBase"]
[SourceQuality "1"]

{[%evp 15,159,29,35,42,37,45,44,43,53,44,44,12,12,0,0,0,16,8,16,10,37,14,50,24,48,11,28,11,13,7,8,14,21,13,20,10,9,8,10,6,129,127,118,109,119,118,150,97,305,203,188,84,87,94,104,92,93,16,127,108,118,89,210,198,190,130,132,119,141,131,400,404,706,0,558,615,662,672,591,584,656,656,645,656,656,600,598,591,569,552,521,366,861,377,357,1237,1186,1620,5081,250,250,250,29952,29958,29975,29976,29976,29977,29979,29977,29978,29978,29977,29972,29972,0,29977,29975,29975,29967,29965,29967,29974,29957,29974,29975,29975,29966,29962,29963,29976,0,29979,29977,29976,7361,29968,29972,29969,29969,29985,29986,29986,29987,29991,29992]} 1. e4 e5 2. Nf3 Nc6 3. Bb5 a6 4. Ba4 d6 5. O-O Bd7 6. c4 Nf6 7. Nc3 Be7 {[%cal Bf8e7,Be7f6,Bf6e5][%mdl 32] C72: Ruy Lopez: Deferred Steinitz: 5 0-0} (7... Bg4 8. h3 Bxf3 9. Qxf3 Nd7 10. Bxc6 bxc6 11. d3 g6 12. Qe2 Bg7 13. f4 exf4 14. Bxf4 O-O 15. Kh1 {0-1 (56) Tabatabaei,M (2509)-Safarli,E (2641) Bandar e Anzali 2017}) 8. Bxc6 Bxc6 {LiveBook: 4 Games} 9. Qc2 O-O {White is slightly better.} 10. d4 exd4 11. Nxd4 Nd7 12. b3 $146 ({Predecessor:} 12. Be3 Bf6 13. a4 Ne5 14. Qe2 Bd7 15. Rad1 {1-0 (96) Rambaldi,F (2490)-Semenova,I (2215) Graz 2015}) 12... Bf6 13. Nxc6 bxc6 14. Bb2 Re8 15. Rad1 Qe7 16. Rfe1 Be5 17. g3 g6 18. Kg2 (18. f4 $5 {[%cal Rf4e5]} Bf6 19. Na4 $14) 18... Rab8 19. Ba3 (19. f4 $5 {[%cal Rf4e5]} Bg7 20. Na4 $14) 19... Qe6 20. Ne2 c5 21. Qd2 a5 22. Nc3 {Black should prevent Nb5.} Nb6 23. Nb5 Qc8 24. f4 Bg7 25. Qd3 (25. e5 $5) 25... Qb7 26. Qf3 $36 {[%mdl 2048] Threatening e5! White is pushing.} a4 {[#]} 27. e5 $1 {[%mdl 512] Threatens to win with Qxb7.} dxe5 (27... Bf8 $11) 28. Qxb7 $16 (28. Bxc5 $6 e4 $11) 28... Rxb7 29. Bxc5 axb3 30. axb3 e4 31. Nxc7 (31. Rxe4 $142 $1 Rxe4 32. Rd8+ Bf8 33. Bxf8 (33. Rxf8+ Kg7 $11)) 31... Rc8 $2 (31... Rxc7 $16 {is a better defense.} 32. Bxb6 Rb7) 32. Bxb6 Rxb6 33. Nb5 (33. Nd5 $18 {and the rest is easy.} Re6 34. Rc1) 33... f5 34. Rd7 Ra6 35. Re2 Bf8 36. Red2 (36. Rc2 $16) 36... Ra1 (36... Bb4 $1 $11 {remains equal.}) 37. Rb7 Rca8 38. Nc3 $1 R1a7 (38... Bg7 $16 {was called for.} 39. Na4 Re8) 39. Rxa7 $18 Rxa7 {[%mdl 4096] Endgame [#] KRB-KRN} 40. Nd5 (40. Rc2 $1 $18) 40... Kf7 $16 41. b4 Ke6 42. c5 {And now c6 would win.} Ra3 $2 {[%mdl 8192]} ({Avoid the trap} 42... Rd7 $2 43. c6 $18) (42... Kd7 $16) 43. c6 $18 {Black must now prevent c7.} e3 (43... Bd6 $142 44. c7 Kd7) 44. c7 $2 (44. Nc7+ $18 Kf6 45. Rd8) 44... Ra8 $2 {[%mdl 8192]} (44... exd2 $11 {and Black stays safe.} 45. c8=Q+ Kxd5 46. Qxf8 Kc4 47. Qc5+ Kd3) 45. Rc2 ({Not} 45. Nxe3 Bd6 $16) 45... Kxd5 46. c8=Q Rxc8 47. Rxc8 Bxb4 {...e2 is the strong threat. KR-KB} 48. Kf3 Ke6 49. Rh8 h5 50. Kxe3 Bc5+ 51. Kf3 Kf7 {If only Black now had time for ...Bf8....} 52. Rc8 Bd4 53. Rc7+ Kg8 $2 (53... Ke6 54. Rc8 Ke7) 54. Ke2 Bg1 55. Rc1 Bd4 56. Kd3 Bf6 57. h3 $2 (57. Rc6 Kg7 58. Rc7+ Kh6 59. Rc6) 57... Kf7 58. Rc7+ Kg8 $2 (58... Ke6 $18 59. Rc6+ Kf7 60. Rc7+ Ke6 61. Rc6+ Kf7 62. Rc7+) 59. Kc4 Bb2 60. Kd5 Ba1 61. Ke6 Bb2 62. Rc5 Kg7 63. Rc2 Bd4 64. Rg2 Bc3 65. Rc2 Bd4 66. Rc7+ Kg8 67. Ke7 Kg7 68. Rd7 Bc3 69. Rd1 Bb2 70. Ke6 Bc3 71. Rc1 Bd4 72. Rc4 Bb2 73. Rc7+ Kg8 $1 74. Rc2 Bd4 {[#]} 75. Rg2 (75. g4 $142 $1 fxg4 76. hxg4 Kg7 77. Rc7+ Kg8 78. gxh5 gxh5 79. f5 Ba1 80. f6) 75... Kf8 76. g4 {White mates.} fxg4 77. hxg4 Be3 78. gxh5 gxh5 79. f5 {[%cal Bf4f5,Bf5f6][%mdl 32]} h4 80. f6 {Precision: White = 49%, Black = 30%.} 1-0

[Event "FIDE World Cup 2017"]
[Site "Tbilisi"]
[Date "2017.09.05"]
[Round "1.4"]
[White "Nguyen, Ngoc Truong Son"]
[Black "Adhiban, B."]
[Result "1/2-1/2"]
[WhiteElo "2629"]
[BlackElo "2670"]
[Annotator "TA"]
[PlyCount "141"]
[EventDate "2017.??.??"]
[EventType "k.o."]
[EventCountry "GEO"]
[SourceTitle "playchess.com"]
[Source "ChessBase"]
[SourceQuality "1"]

{[%evp 25,141,0,0,0,0,0,0,0,0,-8,0,0,0,0,11,9,18,0,5,0,0,0,6,0,2,0,19,0,14,0,4,0,9,0,0,0,24,21,25,18,29,16,48,34,27,33,68,57,75,67,94,62,72,47,41,29,34,7,10,11,16,0,0,0,0,0,0,-14,-14,-23,-19,-107,-7,-16,-18,-16,0,0,215,0,0,0,0,0,177,52,39,7,60,0,0,0,0,0,0,0,0,0,0,0,0,0,0,0,0,0,0,0,0,0,0,0,0,0,0,0,0,0]} 1. Nf3 d5 2. d4 c6 3. c4 e6 4. Nc3 Nf6 5. cxd5 exd5 6. Bg5 Be7 7. Qc2 g6 8. e3 Bf5 9. Bd3 Bxd3 10. Qxd3 Nbd7 {[%cal Bb8d7,Bd7b6,Bb6c4][%mdl 32]} 11. Bh6 Ng4 {D36: Queen's Gambit Declined: Exchange Variation: Main line (5 Bg5 c6 6 Qc2)} (11... a5 12. O-O Bf8 13. Bf4 Be7 14. h3 O-O 15. Nd2 Re8 16. Rae1 Nh5 17. Bh2 f5 18. Re2 Nhf6 19. f3 {1-0 (32) Ivanchuk,V (2710)-Wang,H (2717) Huaian 2016}) 12. Bf4 O-O 13. O-O Re8 {LiveBook: 9 Games} 14. Rab1 (14. h3 $5 {[%cal Rh3g4]} Ngf6 15. a3 $11) 14... a5 15. Qc2 Nb6 16. h3 Nf6 17. Ne5 Nfd7 18. Nd3 $146 ({Predecessor:} 18. Nxd7 Qxd7 19. Na4 Nxa4 20. Qxa4 Ra6 21. Rfc1 Rea8 22. Rc3 Bb4 23. Rcc1 Rb6 {½-½ (57) Gonda,L (2448)-Steingrimsson,H (2435) Budapest 2005}) 18... Nc4 19. Rbc1 Bg5 20. b3 Ncb6 $1 21. Bh2 Be7 22. Qb2 Ra7 23. Rb1 Nf8 24. Qc2 Nc8 25. Rfe1 Bd6 26. Ne5 f6 27. Nf3 Bxh2+ 28. Nxh2 Nd6 29. e4 dxe4 30. Nxe4 Ra8 31. Nc5 b6 32. Rxe8 Nxe8 33. Na4 Rc8 34. Ng4 h5 35. Ne3 Kg7 36. Rd1 Nd6 37. Qd3 Nd7 38. d5 c5 39. Nc3 Ne5 40. Qe2 Qd7 41. Nc4 Nexc4 42. bxc4 Re8 43. Qd3 Qf5 44. Qxf5 gxf5 $11 {[%mdl 4096] Endgame KRN-KRN} 45. Na4 Nxc4 46. Rc1 Re4 47. Nc3 Re5 48. Nb5 (48. Na4 $11) 48... Nd2 (48... Nb2 $1 $17 49. Nc3 Kf7) 49. Nc7 {And now d6 would win.} Ne4 50. Rb1 c4 51. Rxb6 Nd2 $2 {[#]} (51... h4 $11 {and Black is okay.}) 52. g3 $2 ({White must play} 52. f3 $1 $18) 52... Re1+ 53. Kg2 {Threatens to win with d6.} Ne4 54. Ne6+ Kh6 $2 {[#]} (54... Kf7 $11) 55. Nd4 (55. Rb7 $1 $18 {White threatens Nf8 and mate.} Ng5 56. Nd4) 55... Kg6 56. Rc6 c3 (56... Rd1 $11 57. Ne6 (57. Rxc4 Rd2 $11) 57... Kf7) 57. f3 (57. Ne6 $14) 57... Rd1 {Strongly threatening ...Rd2+.The position is equal.} 58. Ne2 Rd2 59. Kf1 Rd1+ 60. Kg2 Rd2 61. fxe4 Rxe2+ {KR-KR} 62. Kf3 Rxe4 63. Rxc3 {Rd3 is the strong threat.} Rd4 64. Rc5 Rd3+ 65. Kf4 a4 66. Ra5 h4 67. gxh4 {Black must now prevent h5+!} Rxh3 68. d6 Rxh4+ 69. Ke3 Kf7 70. d7 Ke7 71. Rxf5 {Precision: White = 47%, Black = 50%.} 1/2-1/2

[Event "FIDE World Cup 2017"]
[Site "Tbilisi"]
[Date "2017.09.05"]
[Round "1.4"]
[White "Salgado Lopez, Ivan"]
[Black "Jobava, Baadur"]
[Result "1/2-1/2"]
[WhiteElo "2627"]
[BlackElo "2702"]
[Annotator "TA"]
[PlyCount "136"]
[EventDate "2017.??.??"]
[EventType "k.o."]
[EventCountry "GEO"]
[SourceTitle "playchess.com"]
[Source "ChessBase"]
[SourceQuality "1"]

{[%evp 17,136,33,30,30,33,35,51,18,29,25,32,12,33,19,33,21,27,14,16,20,15,11,22,13,20,14,9,7,13,0,0,-12,0,0,3,-25,0,-38,-9,-3,0,-11,0,0,0,0,0,-6,0,-7,-7,-8,-18,-12,-9,-13,-8,-116,-8,-129,-123,-121,0,-6,0,0,0,0,0,0,0,0,0,0,0,-6,0,0,0,0,0,-9,-9,-24,0,0,0,0,0,0,0,0,0,0,0,0,0,0,0,0,0,-7,-8,-7,0,-75,0,0,0,0,0,0,0,0,0,0,0,0,0,0,0]} 1. e4 e6 2. d4 d5 3. Nc3 dxe4 4. Nxe4 Bd7 5. Nf3 Bc6 6. Bd3 Nd7 7. Qe2 Ngf6 8. Nxf6+ Nxf6 {C10: French with 3 Nc3: Unusual Black 3rd moves and 3...dxe4} 9. Bb5 (9. Bf4 Nd5 10. Bd2 Nb4 11. Bxb4 Bxb4+ 12. c3 Bd6 13. Be4 Bxe4 14. Qxe4 c6 15. O-O Qa5 16. a4 {½-½ (74) Bromberger,S (2535)-Melkumyan,H (2653) Germany 2016}) 9... Qd5 {LiveBook: 3 Games} 10. Bxc6+ Qxc6 {White has an edge.} 11. O-O Bd6 12. c4 O-O 13. Re1 Rfe8 14. Bg5 $146 ({Find the theoretical novelty and annotate with similar games:} 14. Bd2 b6 15. Bc3 Qb7 16. b4 {½-½ (65) Brzeski,M (2260)-Piesik,P (2022) Leba 2008}) 14... Be7 15. Ne5 Qd6 16. Rad1 Nd7 17. Qf3 f6 18. Nxd7 Qxd7 19. Be3 Bb4 20. Rf1 c6 21. a3 Bd6 22. h4 {[%cal Bh2h4,Bh4h5][%mdl 32]} a5 23. h5 h6 24. Qg4 Qf7 25. Rfe1 a4 26. Re2 f5 27. Qf3 e5 (27... Rad8 {keeps more tension.} 28. g3 Rd7 29. Red2 Red8 30. d5 cxd5 31. cxd5 e5) 28. dxe5 Bxe5 29. Bd4 Bxd4 30. Rxd4 Rxe2 31. Qxe2 $11 {[%mdl 4096] Endgame KQR-KQR} Re8 $36 {[%mdl 2048] Black has good play.} 32. Qf3 Qf6 (32... Qe7 {looks sharper.} 33. g3 Qe2 34. Qxe2 Rxe2 35. Rd8+ Kh7) 33. Qc3 (33. Qd1 {with more complications.} c5 34. Rd2 Qe5 35. g3 f4 36. g4) 33... c5 34. Rd5 {next Qxf6 is good for White.} Qxc3 35. bxc3 {KR-KR} Re1+ 36. Kh2 b6 37. Kg3 (37. Rd8+ $11 {keeps the balance.} Kf7 38. Ra8) 37... Re4 ({Better is} 37... Ra1 $17 38. Rd8+ Kh7) 38. Rd6 (38. Rxf5 $11 {was the only way to keep the balance.} Rxc4 39. Rf3) 38... Rxc4 39. Rxb6 Kh7 (39... Rxc3+ $17 40. f3 Rxa3) 40. f3 Rxc3 41. Rc6 Rc4 42. Ra6 Rd4 43. Ra5 Rc4 44. Ra6 Kg8 45. Ra7 Kf8 46. Kh3 Rd4 47. Ra5 c4 48. Rxa4 Ke7 49. Kg3 Kd6 50. Kf2 $1 f4 (50... Kc5 $5 {[%cal Rc4c3]} 51. Ke2 Rd8 52. Ra5+ Kb6 $15) 51. Ke2 Kc5 52. Ra7 Kb6 53. Ra4 Kb5 54. Rb4+ Kc5 55. Rb7 Kc6 56. Rb4 Kc5 57. Rb7 Rd5 58. Rxg7 c3 {[#] Hoping for ...Kc4.} 59. Rc7+ Kd4 60. Kd1 Kd3 61. Kc1 (61. Rc6 $11) 61... Rg5 (61... Rxh5 $17 {[%cal Rh5h1]} 62. Rd7+ Ke3) 62. Rd7+ {The position is equal.} Kc4 63. Rc7+ Kd3 64. Rd7+ Ke3 65. Kc2 Rxg2+ 66. Kxc3 Kxf3 {aiming for ...Rg5.} 67. Rd6 Rg5 68. Rxh6 Rf5 {Precision: White = 51%, Black = 55%.} 1/2-1/2

[Event "FIDE World Cup 2017"]
[Site "Tbilisi"]
[Date "2017.09.05"]
[Round "1.4"]
[White "Fridman, Daniel"]
[Black "Dubov, Daniil"]
[Result "1/2-1/2"]
[WhiteElo "2625"]
[BlackElo "2666"]
[Annotator "TA"]
[PlyCount "78"]
[EventDate "2017.??.??"]
[EventType "k.o."]
[EventCountry "GEO"]
[SourceTitle "playchess.com"]
[Source "ChessBase"]
[SourceQuality "1"]

{[%evp 21,78,20,13,7,9,0,0,-14,-21,-22,-22,-19,-29,-43,-21,-25,-32,-39,-22,-55,-55,-56,-55,-55,-52,-62,-62,-62,-62,-63,-45,-49,-46,-45,-9,-8,-14,-60,0,0,0,0,0,0,0,0,0,0,0,0,0,0,0,0,0,0,0,0,0]} 1. Nf3 c5 2. c4 Nc6 3. Nc3 g6 4. e3 Nf6 5. d4 cxd4 6. exd4 d5 7. cxd5 Nxd5 8. Qb3 Nxc3 9. Bc4 e6 10. bxc3 Bd7 11. Bd3 {A35: Symmetrical English: 2 Nc3 Nc6 3 Nf3} Na5 {LiveBook: 4 Games} 12. Qc2 Bg7 $146 ({Predecessor:} 12... Bc6 13. Ne5 Bg7 14. Bf4 Bxg2 15. Rg1 Bc6 16. O-O-O Qe7 17. Nxc6 Qa3+ 18. Kd2 Nxc6 {½-½ (36) Van Oosterom,C (2380)-Epishin,V (2572) Helmond 2012}) 13. O-O O-O 14. Bf4 Rc8 15. Ne5 Nc6 16. Nxd7 Qxd7 17. Qe2 Rfe8 (17... e5 $5 18. dxe5 Nxe5 19. Bxe5 Bxe5 $15) 18. Rfd1 e5 19. dxe5 Bxe5 20. Be4 Qe7 21. Bxc6 Bxf4 22. Qxe7 Rxe7 23. Rd7 Rxd7 24. Bxd7 Rxc3 $15 {[%mdl 4096] Endgame KRB-KRB} 25. Ba4 a6 26. Rd1 b5 27. Bb3 Kf8 28. g3 Bc7 29. Rd2 Bb6 (29... a5 $15) 30. Rd6 $11 {The position is equal.} Bc5 31. Rxa6 Rf3 32. Ra5 Rf5 33. Kh1 Bxf2 34. a4 Be3 35. Rxb5 Rf1+ 36. Kg2 Rf2+ 37. Kh1 Rf1+ 38. Kg2 Rf2+ 39. Kh1 Rf1+ {Precision: White = 71%, Black = 58%.} 1/2-1/2

[Event "FIDE World Cup 2017"]
[Site "Tbilisi"]
[Date "2017.09.05"]
[Round "1.4"]
[White "Erdos, Viktor"]
[Black "Amin, Bassem"]
[Result "1/2-1/2"]
[WhiteElo "2619"]
[BlackElo "2699"]
[Annotator "TA"]
[PlyCount "62"]
[EventDate "2017.??.??"]
[EventType "k.o."]
[EventCountry "GEO"]
[SourceTitle "playchess.com"]
[Source "ChessBase"]
[SourceQuality "1"]

{[%evp 24,62,12,0,0,0,0,0,14,14,20,15,17,0,0,0,0,0,0,3,0,0,0,0,0,-10,0,0,0,0,0,-13,5,4,14,10,12,0,0,0,0]} 1. Nf3 Nf6 2. c4 g6 3. g3 Bg7 4. Bg2 O-O 5. O-O d6 6. d4 Nc6 7. Nc3 a6 8. Qd3 e5 9. dxe5 {E63: King's Indian: Fianchetto: Panno Variation with 7...a6} dxe5 10. Qxd8 Rxd8 11. Bg5 Re8 12. Nd2 Nd4 13. Rfd1 {LiveBook: 4 Games. The position is equal.} Ne6 14. Bxf6 Bxf6 15. Rac1 $146 ({Predecessor:} 15. e3 Bd8 16. b4 f5 {½-½ (35) Schreiner,P (2444)-Ding,L (2695) Athens 2012}) 15... Kg7 16. c5 Nxc5 17. Nd5 Ne6 18. Nxc7 Nxc7 19. Rxc7 Rd8 {Hoping for ...Bg5.} 20. Bxb7 Bxb7 21. Rxb7 e4 22. Kf1 Rd5 23. Ke1 Rad8 24. Rc7 Bxb2 25. Rc2 $1 {[%cal Rc2b2]} Be5 26. Rdc1 f5 27. e3 g5 (27... Bc3 $5 28. Rxc3 Rxd2 $11) 28. h3 h5 29. Ke2 g4 30. hxg4 hxg4 31. Nb3 R8d7 {Precision: White = 68%, Black = 49%.} 1/2-1/2

[Event "FIDE World Cup 2017"]
[Site "Tbilisi"]
[Date "2017.09.05"]
[Round "1.4"]
[White "Sevian, Samuel"]
[Black "Nisipeanu, Liviu-Dieter"]
[Result "1-0"]
[WhiteElo "2610"]
[BlackElo "2674"]
[Annotator "TA"]
[PlyCount "70"]
[EventDate "2017.??.??"]
[EventType "k.o."]
[EventCountry "GEO"]
[SourceTitle "playchess.com"]
[Source "ChessBase"]
[SourceQuality "1"]

{[%evp 25,70,8,0,0,3,13,16,17,22,0,0,0,0,0,0,0,0,-14,18,0,0,0,29,16,29,40,48,34,209,196,272,273,264,266,252,249,265,156,179,152,250,268,258,234,625,625,1579]} 1. e4 c6 2. d4 d5 3. e5 Bf5 4. Nf3 e6 5. Be2 c5 6. Be3 cxd4 7. Nxd4 Ne7 8. c4 Nbc6 9. Qa4 {B12: Caro-Kann: Advance Variation} a6 10. Nc3 (10. Na3 Qa5+ 11. Qxa5 Nxa5 12. O-O dxc4 13. Nxf5 Nxf5 14. Bb6 Bxa3 15. bxa3 Nc6 16. f4 g5 17. Bxc4 gxf4 {0-1 (59) Leko,P (2734)-Le,Q (2681) Dortmund 2010}) 10... dxc4 11. O-O-O Qa5 12. Qxa5 Nxa5 13. Nxf5 Nxf5 {LiveBook: 15 Games} 14. Bb6 Nc6 15. f4 Rc8 16. Bxc4 Bb4 17. Bb3 $146 Ba5 18. Bf2 h5 19. Kb1 Bxc3 $1 20. bxc3 b5 21. Bb6 O-O 22. Rd7 Rb8 23. Bf2 Na5 24. h3 Rfc8 25. g4 {[%cal Bg2g4,Bg4g5,Bg5g6,Bg6f7][%mdl 32]} Nh6 26. g5 $36 {[%mdl 2048] Black is under pressure.} ({Inferior is} 26. gxh5 Nxb3 27. axb3 Rxc3 $17) 26... Nf5 $2 {[#]} ({Black should try} 26... Nxb3 $14 27. axb3 Nf5) 27. g6 $1 $18 {[%cal Rg6f7][%mdl 512]} Nxb3 (27... Nc4 $142) (27... fxg6 28. Bxe6+) 28. gxf7+ Kf8 29. axb3 Nh6 30. Ba7 Ra8 31. Bd4 (31. Rg1 $18) 31... Rc6 32. Rg1 Nxf7 (32... a5 $16 33. Kb2 b4) 33. Rg6 Rd8 34. Rb7 Nh8 $2 {[#]} (34... Nh6 35. Rgxg7 Rb8) 35. Rgxg7 a5 {Precision: White = 78%, Black = 43%.} 1-0

[Event "FIDE World Cup 2017"]
[Site "Tbilisi"]
[Date "2017.09.05"]
[Round "1.4"]
[White "Hovhannisyan, Robert"]
[Black "Rodshtein, Maxim"]
[Result "1/2-1/2"]
[WhiteElo "2594"]
[BlackElo "2695"]
[Annotator "TA"]
[PlyCount "93"]
[EventDate "2017.??.??"]
[EventType "k.o."]
[EventCountry "GEO"]
[SourceTitle "playchess.com"]
[Source "ChessBase"]
[SourceQuality "1"]

{[%evp 11,93,20,20,12,8,6,23,18,22,22,29,20,22,21,31,27,27,14,25,15,22,-8,-8,-7,10,14,14,22,18,20,20,0,0,0,0,0,6,0,0,-36,-34,-31,-43,-45,-50,-97,-102,-126,-125,-123,-117,-133,-137,-160,-105,-149,-93,-179,-180,-182,-202,-187,-176,-190,-82,-106,-92,-71,0,-72,-41,-143,-141,-141,-136,-124,-90,-147,0,-132,0,-141,0,-129]} 1. e4 e5 2. Nf3 Nc6 3. Bc4 Bc5 4. d3 Nf6 5. Nc3 d6 6. Na4 Bb6 {LiveBook: 28 Games. C50: Hungarian Defence and Giuoco Pianissimo} 7. O-O (7. c3 h6 8. h3 Be6 9. Bxe6 fxe6 10. O-O O-O 11. b4 Ne7 12. Nb2 c6 13. a4 Ng6 14. a5 {1-0 (49) Giri,A (2768)-Anand,V (2793) London 2014}) 7... Na5 8. Bd5 $146 ({Find the theoretical novelty and annotate with similar games:} 8. Bb3 Bd7 9. Bd2 O-O 10. c4 Nc6 11. h3 h6 12. Nxb6 axb6 {½-½ (50) Ynojosa Aponte,F (2405)-Perez Mitjans,O (2475) Badalona 2013}) 8... O-O 9. a3 Be6 10. Bxe6 fxe6 11. b4 Nc6 12. c3 Qd7 13. Nb2 a6 14. Nc4 Ba7 15. a4 b5 16. Ne3 d5 17. Re1 Bxe3 (17... Bb6 {looks sharper.} 18. axb5 axb5 19. Rxa8 Rxa8 20. exd5 exd5 21. Nc2 Ra2) 18. Bxe3 dxe4 19. dxe4 {Hoping for Qxd7.} Qxd1 20. Rexd1 Nxe4 21. Rdc1 Nd6 22. Ng5 Rfe8 23. axb5 Nxb5 24. g3 a5 25. bxa5 Rxa5 26. Kg2 Nd6 27. Rxa5 Nxa5 28. Rd1 Nac4 29. Bc5 h6 30. Nf3 Rb8 31. Ra1 Rb5 32. Ra8+ Kh7 (32... Kf7 $142 33. Ba3 Nxa3 34. Rxa3 Kf6) 33. Ba3 Rd5 ({Better is} 33... Rb3 34. Bc5 Ne4) 34. Ra4 {[#]} (34. Bxd6 $17 cxd6 35. Rc8) 34... c5 $1 $19 35. Ng1 e4 36. Bc1 Rd1 37. Ne2 e5 (37... g5 $19 {is more deadly.} 38. Be3 Nxe3+ 39. fxe3 Kg7) 38. g4 $17 Re1 39. Ra2 Rd1 (39... Kg8 $17) 40. h4 (40. Ra4 $1 $11 {keeps the balance.}) 40... Rd3 41. g5 (41. Ra6 $15) 41... Nf5 42. gxh6 Nxh4+ 43. Kh2 Nf3+ 44. Kg2 (44. Kh3 $142) 44... Nh4+ 45. Kh2 $1 Nf3+ 46. Kg2 $1 Nh4+ 47. Kh2 $1 {Precision: White = 43%, Black = 52%.} 1/2-1/2